[Event "Titled Tuesday intern op 28th Dec"]
[Site "Chess.com INT"]
[Date "2021.12.28"]
[Round "2"]
[White "Melian, Juan Sebastian"]
[Black "Zakhartsov, Vladimir"]
[Result "0-1"]
[WhiteElo "2075"]
[BlackElo "2539"]
[PlyCount "68"]
[EventDate "2021.12.28"]
[EventType "swiss (blitz)"]
[EventRounds "11"]
[EventCountry "USA"]
[SourceTitle "CBM 206 Extra"]
[Source "ChessBase"]
[SourceDate "2022.03.31"]
[SourceVersion "1"]
[SourceVersionDate "2022.03.31"]
[SourceQuality "1"]

1. e4 c5 2. Nf3 d6 3. Bb5+ Bd7 4. Bxd7+ Qxd7 5. c4 Nc6 6. O-O Nf6 7. d4 cxd4 8. Nxd4 Nxe4 9. Re1 Nf6 10. Nc3 e6 11. Nd5 Nxd5 12. cxd5 Nxd4 13. Qxd4 e5 14. f4 f6 15. Qd3 Be7 16. f5 Bd8 17. Be3 Bb6 18. Bxb6 axb6 19. Rec1 O-O 20. Rc3 Ra4 21. Rac1 Rd4 22. Qf3 Rf4 23. Qg3 Qxf5 24. Rc7 Rg4 25. Qh3 Qg5 26. Kh1 h5 27. Rd1 e4 28. Rxb7 Qe5 29. Rxb6 e3 30. Re1 Re8 31. Rb3 Qxd5 32. Rc3 Qd2 33. Rg1 e2 34. Qxh5 e1=Q 0-1

[Event "Titled Tuesday intern op 28th Dec"]
[Site "Chess.com INT"]
[Date "2021.12.28"]
[Round "2"]
[White "Milanovic, Marko"]
[Black "Mestnikov, Aisen"]
[Result "0-1"]
[WhiteElo "2309"]
[BlackElo "2096"]
[PlyCount "150"]
[EventDate "2021.12.28"]
[EventType "swiss (blitz)"]
[EventRounds "11"]
[EventCountry "USA"]
[SourceTitle "CBM 206 Extra"]
[Source "ChessBase"]
[SourceDate "2022.03.31"]
[SourceVersion "1"]
[SourceVersionDate "2022.03.31"]
[SourceQuality "1"]

1. e4 e5 2. Nf3 Nc6 3. Bc4 Nf6 4. d3 Bc5 5. c3 d6 6. O-O a6 7. Bb3 Ba7 8. Nbd2 Be6 9. Bc2 O-O 10. h3 h6 11. Re1 d5 12. Qe2 d4 13. Nf1 b5 14. Ng3 Qd7 15. Nh4 Ne7 16. Qf3 c5 17. Bxh6 Ng4 18. Bxg7 Kxg7 19. Nh5+ Kh8 20. hxg4 Ng8 21. Nf6 Nxf6 22. Qxf6+ Kh7 23. g5 Rh8 24. Nf5 Bxf5 25. exf5 Bb8 26. g6+ Kg8 27. Qg5 fxg6 28. Qxg6+ Qg7 29. Qe8+ Qf8 30. Qc6 Ra7 31. Qd5+ Qf7 32. Qd8+ Kg7 33. Qg5+ Kf8 34. Bd1 Re7 35. f6 Re6 36. Bg4 Qxf6 37. Qxf6+ Rxf6 38. Bf3 Rfh6 39. Kf1 Rh1+ 40. Ke2 Rxe1+ 41. Rxe1 Ke7 42. Kd2 Kd6 43. Kc2 Bc7 44. g3 Rh2 45. Re2 Bb6 46. Be4 c4 47. Bf5 dxc3 48. bxc3 Rxf2 49. Rxf2 Bxf2 50. g4 Be3 51. dxc4 bxc4 52. Bh7 Kc5 53. Be4 a5 54. a4 Bg5 55. Kd1 Kd6 56. Ke2 Kc5 57. Bf3 Kd6 58. Be4 Kc5 59. Kd1 Kd6 60. Kc2 Kc5 61. Bg6 Kd5 62. Bf7+ Kc5 63. Kd1 e4 64. Bg6 Bf6 65. Kc2 e3 66. Be4 e2 67. Kd2 Bxc3+ 68. Kxe2 Kd4 69. Kf3 Bd2 70. g5 Bxg5 71. Bc2 Kc3 72. Bd1 Kd2 73. Be2 c3 74. Bf1 c2 75. Bd3 c1=Q 0-1

[Event "Titled Tuesday intern op 28th Dec"]
[Site "Chess.com INT"]
[Date "2021.12.28"]
[Round "2"]
[White "Muromtsev, Arthur"]
[Black "Iskusnyh, Sergei"]
[Result "0-1"]
[WhiteElo "2129"]
[BlackElo "2473"]
[PlyCount "90"]
[EventDate "2021.12.28"]
[EventType "swiss (blitz)"]
[EventRounds "11"]
[EventCountry "USA"]
[SourceTitle "CBM 206 Extra"]
[Source "ChessBase"]
[SourceDate "2022.03.31"]
[SourceVersion "1"]
[SourceVersionDate "2022.03.31"]
[SourceQuality "1"]

1. e4 e6 2. b3 d5 3. Bb2 Nf6 4. e5 Nfd7 5. f4 c5 6. Qg4 Nc6 7. Nf3 Nb4 8. Na3 a6 9. c3 Nc6 10. Be2 g6 11. Nc2 Be7 12. O-O b5 13. d4 Bb7 14. h4 h5 15. Qg3 Rc8 16. Ng5 Qb6 17. Bd3 Bxg5 18. fxg5 cxd4 19. cxd4 Ncxe5 20. Ba3 b4 21. Bxb4 Nxd3 22. Qxd3 Rxc2 23. Rxf7 Kxf7 24. Rf1+ Kg7 25. Qxc2 Qxd4+ 26. Rf2 Qxb4 27. Qc7 Bc8 28. a3 Qe1+ 29. Rf1 Qe5 30. Qc6 Qd4+ 31. Kh1 Qxh4+ 32. Kg1 Qd4+ 33. Kh1 Rf8 34. Rxf8 Nxf8 35. Qxc8 Qh4+ 36. Kg1 Qe1+ 37. Kh2 Qe5+ 38. Kg1 Qxg5 39. Qxa6 Qe3+ 40. Kh2 Qxb3 41. Qa7+ Kg8 42. Qe7 d4 43. a4 Qxa4 44. Qd6 Qc4 45. Qd8 Qd5 0-1

[Event "Titled Tuesday intern op 28th Dec"]
[Site "Chess.com INT"]
[Date "2021.12.28"]
[Round "2"]
[White "Novikov, Evgenij"]
[Black "Wagner, Dennis"]
[Result "1/2-1/2"]
[WhiteElo "2276"]
[BlackElo "2584"]
[PlyCount "174"]
[EventDate "2021.12.28"]
[EventType "swiss (blitz)"]
[EventRounds "11"]
[EventCountry "USA"]
[SourceTitle "CBM 206 Extra"]
[Source "ChessBase"]
[SourceDate "2022.03.31"]
[SourceVersion "1"]
[SourceVersionDate "2022.03.31"]
[SourceQuality "1"]

1. e4 c5 2. Nf3 d6 3. Bb5+ Nd7 4. O-O a6 5. Be2 Ngf6 6. d3 g6 7. b3 Bg7 8. Bb2 O-O 9. a4 b6 10. Re1 Bb7 11. Bf1 e5 12. Nbd2 Nh5 13. Nc4 Qc7 14. c3 f5 15. Ng5 Rae8 16. exf5 Rxf5 17. Ne4 Bf8 18. g4 Rf4 19. Ne3 Nhf6 20. Ng3 Nd5 21. Bg2 N7f6 22. h3 Bh6 23. d4 exd4 24. cxd4 cxd4 25. Bxd4 Nxe3 26. fxe3 Rxd4 27. Qxd4 Bg7 28. Qc4+ Qxc4 29. bxc4 Bxg2 30. Kxg2 Rc8 31. Rec1 Nd7 32. Rab1 Be5 33. Ne4 Rc6 34. Ng5 Kg7 35. Nf3 Bf6 36. Rd1 a5 37. Rbc1 Be7 38. Nd4 Rc8 39. Ne6+ Kf7 40. Nf4 Kg7 41. Nd5 Bg5 42. Rd3 Rc6 43. Rb3 Bd8 44. e4 Nc5 45. Rf3 Nxa4 46. Rcf1 Nc5 47. Rf7+ Kh6 48. Nc3 Ne6 49. Kg3 Rxc4 50. R1f3 Bg5 51. h4 Bd2 52. g5+ Bxg5 53. hxg5+ Nxg5 54. Rf8 Nxf3 55. Rxf3 a4 56. Nd5 Rxe4 57. Ra3 Rd4 58. Nxb6 Kg5 59. Rxa4 Rxa4 60. Nxa4 Kf5 61. Nc3 Ke5 62. Kf3 d5 63. Ke2 Kd4 64. Nb5+ Ke4 65. Nd6+ Ke5 66. Nf7+ Kf6 67. Nd6 h5 68. Ke3 Ke5 69. Nf7+ Kf6 70. Nd6 h4 71. Nb5 Ke5 72. Nd4 g5 73. Nf3+ Kf5 74. Nd4+ Kg4 75. Kf2 Kf4 76. Ne2+ Ke4 77. Nc3+ Ke5 78. Kf3 Kf5 79. Nxd5 g4+ 80. Kg2 Ke4 81. Nf6+ Kf4 82. Nxg4 Kxg4 83. Kh1 Kh3 84. Kg1 Kg3 85. Kh1 h3 86. Kg1 h2+ 87. Kh1 Kh3 1/2-1/2

[Event "Titled Tuesday intern op 28th Dec"]
[Site "Chess.com INT"]
[Date "2021.12.28"]
[Round "2"]
[White "Nozdrachev, Leonid"]
[Black "Bortnyk, Olexandr"]
[Result "0-1"]
[WhiteElo "2370"]
[BlackElo "2604"]
[PlyCount "90"]
[EventDate "2021.12.28"]
[EventType "swiss (blitz)"]
[EventRounds "11"]
[EventCountry "USA"]
[SourceTitle "CBM 206 Extra"]
[Source "ChessBase"]
[SourceDate "2022.03.31"]
[SourceVersion "1"]
[SourceVersionDate "2022.03.31"]
[SourceQuality "1"]

1. e4 Nf6 2. e5 Nd5 3. d4 d6 4. Nf3 dxe5 5. Nxe5 c6 6. c4 Nb4 7. a3 Qxd4 8. axb4 Qxe5+ 9. Be2 Bg4 10. f3 Bf5 11. O-O e6 12. c5 Be7 13. Na3 O-O 14. Nc4 Qf6 15. Nb6 Rd8 16. Qe1 axb6 17. Rxa8 bxc5 18. Qg3 Bd6 19. Bg5 Qd4+ 20. Qf2 f6 21. Be3 Qxb4 22. Rd1 c4 23. g4 Bc2 24. Rd2 Bg6 25. Kg2 Re8 26. Bxc4 Qxc4 27. Rxd6 Nd7 28. Rxe8+ Bxe8 29. Qd2 Ne5 30. Bf4 Ng6 31. Bg3 e5 32. Rd8 Kf7 33. Qd6 Qe2+ 34. Kg1 Qe3+ 35. Kg2 Qe2+ 36. Kg1 Qxf3 37. Qb8 Qe3+ 38. Kg2 Qe4+ 39. Kg1 Qxg4 40. Rxe8 Nf4 41. Rf8+ Kg6 42. Qe8+ Kh6 43. h3 Qd1+ 44. Kf2 Qe2+ 45. Kg1 Qg2# 0-1

[Event "Titled Tuesday intern op 28th Dec"]
[Site "Chess.com INT"]
[Date "2021.12.28"]
[Round "2"]
[White "Obregon, Carlos Andres"]
[Black "Pastar, Slaven"]
[Result "0-1"]
[WhiteElo "2517"]
[BlackElo "2337"]
[PlyCount "82"]
[EventDate "2021.12.28"]
[EventType "swiss (blitz)"]
[EventRounds "11"]
[EventCountry "USA"]
[SourceTitle "CBM 206 Extra"]
[Source "ChessBase"]
[SourceDate "2022.03.31"]
[SourceVersion "1"]
[SourceVersionDate "2022.03.31"]
[SourceQuality "1"]

1. d4 b6 2. e4 Bb7 3. Bd3 Nf6 4. Qe2 e6 5. Nf3 d5 6. e5 Ne4 7. Nbd2 Nxd2 8. Bxd2 c5 9. c3 Be7 10. h4 a5 11. h5 h6 12. Rh3 Ba6 13. Rg3 Bxd3 14. Qxd3 Bf8 15. c4 Nc6 16. dxc5 bxc5 17. cxd5 Qxd5 18. Qe2 Nd4 19. Nxd4 cxd4 20. Rc1 Rd8 21. Kf1 d3 22. Qe1 Bb4 23. Bxb4 axb4 24. Qxb4 Qxe5 25. Re1 Qd6 26. Qd2 O-O 27. Ree3 Qa6 28. b3 Rd5 29. Kg1 Rfd8 30. Qc3 Rg5 31. Rxd3 Rxd3 32. Rxd3 Qxa2 33. Rd8+ Kh7 34. Qd3+ f5 35. Qd1 Qb2 36. Re8 Qe5 37. Qd8 Qe1+ 38. Kh2 Rxh5+ 39. Kg3 Qe5+ 40. Kf3 Qe4+ 41. Kg3 Qg4# 0-1

[Event "Titled Tuesday intern op 28th Dec"]
[Site "Chess.com INT"]
[Date "2021.12.28"]
[Round "2"]
[White "Orzechowski, Jacek"]
[Black "Terletsky, Oleg"]
[Result "1-0"]
[WhiteElo "2119"]
[BlackElo "2154"]
[PlyCount "83"]
[EventDate "2021.12.28"]
[EventType "swiss (blitz)"]
[EventRounds "11"]
[EventCountry "USA"]
[SourceTitle "CBM 206 Extra"]
[Source "ChessBase"]
[SourceDate "2022.03.31"]
[SourceVersion "1"]
[SourceVersionDate "2022.03.31"]
[SourceQuality "1"]

1. c4 Nf6 2. Nc3 g6 3. g3 Bg7 4. Bg2 d6 5. Nf3 e5 6. O-O O-O 7. d3 Nc6 8. Rb1 a5 9. Bg5 h6 10. Bxf6 Bxf6 11. a3 Bg7 12. b4 axb4 13. axb4 Be6 14. Nd5 Ne7 15. Nd2 Nxd5 16. cxd5 Bd7 17. Ra1 f5 18. Qc2 Rxa1 19. Rxa1 e4 20. Ra5 e3 21. fxe3 Qe7 22. Nf1 Rc8 23. Ra7 h5 24. Rxb7 Qd8 25. e4 c6 26. Qb3 c5 27. exf5 Bxf5 28. bxc5 Rxc5 29. Rb8 Rc8 30. Rxc8 Qxc8 31. Qc4 Qe8 32. Be4 Qf7 33. Kg2 Kh7 34. Ne3 Bxe4+ 35. Qxe4 Bh6 36. Nc4 Qf6 37. Qf3 Qd4 38. Nxd6 h4 39. Qf7+ Bg7 40. Ne8 h3+ 41. Kxh3 Qe3 42. Qxg7# 1-0

[Event "Titled Tuesday intern op 28th Dec"]
[Site "Chess.com INT"]
[Date "2021.12.28"]
[Round "2"]
[White "Perez Ponsa, Federico"]
[Black "Coto Mederos, Michel"]
[Result "1-0"]
[WhiteElo "2561"]
[BlackElo "2348"]
[PlyCount "97"]
[EventDate "2021.12.28"]
[EventType "swiss (blitz)"]
[EventRounds "11"]
[EventCountry "USA"]
[SourceTitle "CBM 206 Extra"]
[Source "ChessBase"]
[SourceDate "2022.03.31"]
[SourceVersion "1"]
[SourceVersionDate "2022.03.31"]
[SourceQuality "1"]

1. e4 e5 2. Nf3 Nf6 3. d4 Nxe4 4. Bd3 d5 5. Nxe5 Bd6 6. O-O Nd7 7. Nxd7 Bxd7 8. Nc3 Nxc3 9. bxc3 O-O 10. Qh5 f5 11. Re1 c5 12. Bg5 Qc7 13. Be7 Rf7 14. Bxd6 Qxd6 15. Re5 c4 16. Bf1 Re8 17. Rae1 Rfe7 18. f4 Rxe5 19. Rxe5 Rxe5 20. fxe5 Qe7 21. h4 Be6 22. g3 g6 23. Qh6 b5 24. h5 g5 25. Bh3 Kh8 26. Kf2 Kg8 27. Ke1 a5 28. Kd2 Kh8 29. Bg2 Kg8 30. Bf3 Kh8 31. Kc1 Kg8 32. Kb2 Kh8 33. Bd1 Kg8 34. Kc1 Kh8 35. Kd2 Kg8 36. Be2 Kh8 37. Ke3 Kg8 38. Bf3 Kh8 39. Kf2 Kg8 40. Bg2 Kh8 41. g4 fxg4 42. Kg3 Kg8 43. Bf1 Kh8 44. Be2 Qf7 45. Qxg5 b4 46. h6 Qf8 47. Bxg4 Bxg4 48. Kxg4 bxc3 49. e6 1-0

[Event "Titled Tuesday intern op 28th Dec"]
[Site "Chess.com INT"]
[Date "2021.12.28"]
[Round "2"]
[White "Popadic, Dragan"]
[Black "Alavkin, Arseny Nailievich"]
[Result "0-1"]
[WhiteElo "2143"]
[BlackElo "2373"]
[PlyCount "110"]
[EventDate "2021.12.28"]
[EventType "swiss (blitz)"]
[EventRounds "11"]
[EventCountry "USA"]
[SourceTitle "CBM 206 Extra"]
[Source "ChessBase"]
[SourceDate "2022.03.31"]
[SourceVersion "1"]
[SourceVersionDate "2022.03.31"]
[SourceQuality "1"]

1. e4 c5 2. Nc3 Nc6 3. f4 g6 4. Nf3 Bg7 5. Bc4 e6 6. f5 gxf5 7. d3 Nge7 8. O-O Na5 9. Bb3 Nxb3 10. axb3 d6 11. Qe1 Rg8 12. Qh4 Ng6 13. Qh5 h6 14. exf5 exf5 15. Re1+ Ne5 16. Bf4 Be6 17. Nxe5 Bxe5 18. Bxe5 dxe5 19. Rxe5 Qd4+ 20. Kf1 Qxe5 21. Re1 Qd4 22. Rxe6+ Kf8 23. Qxh6+ Qg7 24. Qxg7+ Kxg7 25. Re5 b6 26. Rxf5 Rae8 27. Ne4 Re6 28. g4 Rd8 29. h3 Rd4 30. Kf2 a5 31. Kf3 a4 32. bxa4 Rxa4 33. Ke3 Ra2 34. Kd2 Rxb2 35. Rf1 Rb4 36. Kc3 Rd4 37. h4 Rc6 38. h5 b5 39. g5 b4+ 40. Kb2 c4 41. Rf3 b3 42. c3 Rxd3 43. Rxd3 cxd3 44. Kxb3 Re6 45. Nd2 Re2 46. Nc4 Rg2 47. g6 f5 48. Ne3 Rf2 49. c4 f4 50. Ng4 Re2 51. Kc3 d2 52. Kc2 f3 53. Kd1 f2 54. Nxf2 Rxf2 55. c5 Rf6 0-1

[Event "Titled Tuesday intern op 28th Dec"]
[Site "Chess.com INT"]
[Date "2021.12.28"]
[Round "2"]
[White "Prilleltensky, Matan"]
[Black "Deac, Bogdan Daniel"]
[Result "0-1"]
[WhiteElo "2166"]
[BlackElo "2679"]
[PlyCount "34"]
[EventDate "2021.12.28"]
[EventType "swiss (blitz)"]
[EventRounds "11"]
[EventCountry "USA"]
[SourceTitle "CBM 206 Extra"]
[Source "ChessBase"]
[SourceDate "2022.03.31"]
[SourceVersion "1"]
[SourceVersionDate "2022.03.31"]
[SourceQuality "1"]

1. d4 g6 2. e4 Bg7 3. Nc3 c6 4. Nf3 d6 5. Be3 Qb6 6. Qd2 Qxb2 7. Rb1 Qa3 8. Bd3 Qa5 9. O-O Nf6 10. h3 Nbd7 11. Rb3 O-O 12. Bh6 e5 13. Bxg7 Kxg7 14. Qg5 h6 15. Qe3 exd4 16. Nxd4 Nc5 17. e5 dxe5 0-1

[Event "Titled Tuesday intern op 28th Dec"]
[Site "Chess.com INT"]
[Date "2021.12.28"]
[Round "2"]
[White "Prithu, Gupta"]
[Black "Shtyka, Sergey"]
[Result "1-0"]
[WhiteElo "2444"]
[BlackElo "2154"]
[PlyCount "59"]
[EventDate "2021.12.28"]
[EventType "swiss (blitz)"]
[EventRounds "11"]
[EventCountry "USA"]
[SourceTitle "CBM 206 Extra"]
[Source "ChessBase"]
[SourceDate "2022.03.31"]
[SourceVersion "1"]
[SourceVersionDate "2022.03.31"]
[SourceQuality "1"]

1. c4 c5 2. Nc3 Nc6 3. g3 g6 4. Bg2 Bg7 5. Nh3 Nf6 6. O-O O-O 7. Nf4 d6 8. d3 Bf5 9. e4 Bg4 10. f3 Bd7 11. Be3 Nd4 12. Rb1 Rb8 13. b4 b6 14. a4 e5 15. Nfd5 Nxd5 16. Nxd5 Bc6 17. Nc3 f5 18. exf5 gxf5 19. f4 Bxg2 20. Kxg2 exf4 21. Bxf4 cxb4 22. Rxb4 Ne6 23. Bd2 f4 24. Qg4 f3+ 25. Rxf3 Rxf3 26. Qxf3 Nd4 27. Qd5+ Kh8 28. Ne4 Qf8 29. Nxd6 Rd8 30. Nf7+ 1-0

[Event "Titled Tuesday intern op 28th Dec"]
[Site "Chess.com INT"]
[Date "2021.12.28"]
[Round "2"]
[White "Rakhmanov, Alexander"]
[Black "Karas, Marek"]
[Result "1/2-1/2"]
[WhiteElo "2640"]
[BlackElo "2303"]
[PlyCount "90"]
[EventDate "2021.12.28"]
[EventType "swiss (blitz)"]
[EventRounds "11"]
[EventCountry "USA"]
[SourceTitle "CBM 206 Extra"]
[Source "ChessBase"]
[SourceDate "2022.03.31"]
[SourceVersion "1"]
[SourceVersionDate "2022.03.31"]
[SourceQuality "1"]

1. d4 Nf6 2. c4 e6 3. Nc3 d5 4. Bg5 Be7 5. e3 O-O 6. Nf3 Nbd7 7. Rc1 b6 8. cxd5 Nxd5 9. Bxe7 Nxe7 10. Bd3 Bb7 11. O-O c5 12. Qe2 Bxf3 13. Qxf3 cxd4 14. exd4 Nf6 15. Rfd1 Rc8 16. Rc2 Ned5 17. Nxd5 Qxd5 18. Qxd5 Nxd5 19. Rdc1 Rxc2 20. Bxc2 g6 21. Bb3 Rd8 22. Kf1 Rd7 23. g3 Kg7 24. Ke2 Ne7 25. Rd1 Rc7 26. Rd2 h5 27. d5 exd5 28. Bxd5 Nxd5 29. Rxd5 Rc2+ 30. Rd2 Rxd2+ 31. Kxd2 Kf6 32. Kd3 Ke5 33. Kc4 a6 34. a4 g5 35. b4 h4 36. gxh4 gxh4 37. a5 bxa5 38. bxa5 Kd6 39. Kd4 Kc6 40. Kc4 h3 41. f4 f5 42. Kd4 Kd6 43. Kc4 Kc6 44. Kd4 Kd6 45. Kc4 Kc6 1/2-1/2

[Event "Titled Tuesday intern op 28th Dec"]
[Site "Chess.com INT"]
[Date "2021.12.28"]
[Round "2"]
[White "Rangel, Daniel"]
[Black "Agibileg, Uurtsaikh"]
[Result "0-1"]
[WhiteElo "2196"]
[BlackElo "2440"]
[PlyCount "88"]
[EventDate "2021.12.28"]
[EventType "swiss (blitz)"]
[EventRounds "11"]
[EventCountry "USA"]
[SourceTitle "CBM 206 Extra"]
[Source "ChessBase"]
[SourceDate "2022.03.31"]
[SourceVersion "1"]
[SourceVersionDate "2022.03.31"]
[SourceQuality "1"]

1. c4 Nf6 2. g3 g6 3. Bg2 Bg7 4. Nc3 c5 5. e3 O-O 6. Nge2 e5 7. O-O d6 8. Nd5 Nc6 9. b3 Nxd5 10. Bxd5 Bh3 11. Re1 h5 12. Bb2 h4 13. d4 cxd4 14. exd4 Bg4 15. f3 Bd7 16. dxe5 dxe5 17. Ba3 Re8 18. Qd3 e4 19. fxe4 Ne5 20. Qe3 hxg3 21. Nxg3 Qh4 22. Rf1 Be6 23. Qf2 Ng4 24. Qe2 Bxd5 25. cxd5 Bd4+ 26. Kh1 Bxa1 27. Rxa1 Qf6 28. Bb2 Qf2 29. Qxf2 Nxf2+ 30. Kg2 Nxe4 31. Ne2 Nd6 32. Nf4 Re4 33. Kf3 Rc8 34. Ba3 Rc3+ 35. Kg4 Nf5 36. d6 Rd3 37. Kg5 Rdd4 38. Rc1 Kg7 39. Bb2 Rxf4 40. Bxd4+ Rxd4 41. Rc7 Nxd6 42. h4 Ne8 43. Rxb7 Nf6 44. Rxa7 Rg4# 0-1

[Event "Titled Tuesday intern op 28th Dec"]
[Site "Chess.com INT"]
[Date "2021.12.28"]
[Round "2"]
[White "Rostovtsev, Dmitry"]
[Black "Paiva, Henrique MA Alberg"]
[Result "1-0"]
[WhiteElo "2188"]
[BlackElo "2064"]
[PlyCount "61"]
[EventDate "2021.12.28"]
[EventType "swiss (blitz)"]
[EventRounds "11"]
[EventCountry "USA"]
[SourceTitle "CBM 206 Extra"]
[Source "ChessBase"]
[SourceDate "2022.03.31"]
[SourceVersion "1"]
[SourceVersionDate "2022.03.31"]
[SourceQuality "1"]

1. d4 d5 2. c4 c6 3. Nf3 Nf6 4. Nc3 e6 5. e3 Bd6 6. Bd3 O-O 7. b3 Nbd7 8. O-O dxc4 9. bxc4 e5 10. Bb2 Re8 11. Qc2 Qe7 12. Nd2 Ba3 13. Bxa3 Qxa3 14. c5 b5 15. Nce4 h6 16. Nd6 Rf8 17. N2e4 Nd5 18. Qb3 Qa5 19. a4 bxa4 20. Rxa4 Qc7 21. Rfa1 a6 22. g3 f5 23. Nc3 N7f6 24. dxe5 Ne4 25. Nxd5 cxd5 26. Qxd5+ Kh7 27. Qxa8 Qxc5 28. Bxe4 fxe4 29. Qxe4+ Kh8 30. Rc4 Qb6 31. Rxc8 1-0

[Event "Titled Tuesday intern op 28th Dec"]
[Site "Chess.com INT"]
[Date "2021.12.28"]
[Round "2"]
[White "Rudykh, Stepan"]
[Black "Karavade, Eesha"]
[Result "0-1"]
[WhiteElo "2218"]
[BlackElo "2345"]
[PlyCount "100"]
[EventDate "2021.12.28"]
[EventType "swiss (blitz)"]
[EventRounds "11"]
[EventCountry "USA"]
[SourceTitle "CBM 206 Extra"]
[Source "ChessBase"]
[SourceDate "2022.03.31"]
[SourceVersion "1"]
[SourceVersionDate "2022.03.31"]
[SourceQuality "1"]

1. e4 c5 2. Nf3 d6 3. d4 cxd4 4. Nxd4 Nf6 5. Nc3 a6 6. Be3 e5 7. Nb3 Be6 8. f3 Be7 9. Qd2 h5 10. O-O-O Nbd7 11. Kb1 Qc7 12. h3 Rc8 13. f4 b5 14. f5 Bc4 15. Rg1 Bxf1 16. Rdxf1 b4 17. Nd5 Qc4 18. Nxe7 Kxe7 19. g4 hxg4 20. hxg4 Nxe4 21. Qg2 Nec5 22. g5 Nxb3 23. axb3 Qc6 24. Qd2 Ke8 25. Rf2 a5 26. Rd1 Rh3 27. Rh2 Rxh2 28. Qxh2 Qf3 29. Qd2 Qxf5 30. Qxd6 Qxc2+ 31. Ka2 Qc6 32. Qd2 a4 33. Rc1 axb3+ 34. Kb1 Qxc1+ 35. Qxc1 Rxc1+ 36. Kxc1 f5 37. gxf6 gxf6 38. Bd2 Nc5 39. Kd1 Na6 40. Ke2 Kd7 41. Ke3 Ke6 42. Kd3 f5 43. Kc4 f4 44. Kb5 Kd5 45. Kxa6 Kc4 46. Ka5 f3 47. Be3 Kd3 48. Bc5 e4 49. Kxb4 e3 50. Kxb3 f2 0-1

[Event "Titled Tuesday intern op 28th Dec"]
[Site "Chess.com INT"]
[Date "2021.12.28"]
[Round "2"]
[White "Ruiz Aguilar, Pablo Alexander"]
[Black "Agasarov, Benik"]
[Result "1/2-1/2"]
[WhiteElo "2171"]
[BlackElo "2205"]
[PlyCount "132"]
[EventDate "2021.12.28"]
[EventType "swiss (blitz)"]
[EventRounds "11"]
[EventCountry "USA"]
[SourceTitle "CBM 206 Extra"]
[Source "ChessBase"]
[SourceDate "2022.03.31"]
[SourceVersion "1"]
[SourceVersionDate "2022.03.31"]
[SourceQuality "1"]

1. e4 e5 2. Nf3 Nc6 3. Bb5 Bc5 4. O-O Nd4 5. Nxd4 Bxd4 6. c3 Bb6 7. Bc4 Nf6 8. d3 c6 9. Bb3 h6 10. Qe2 O-O 11. Nd2 Re8 12. Nc4 Bc7 13. Ne3 d5 14. Qf3 Be6 15. Nf5 Bxf5 16. Qxf5 dxe4 17. dxe4 Qd7 18. Qxd7 Nxd7 19. Be3 Bb6 20. Bxb6 axb6 21. a3 Nc5 22. Bc2 b5 23. Rad1 Red8 24. f3 f6 25. Kf2 Kf8 26. Ke3 Ke7 27. g3 Ne6 28. f4 g5 29. fxe5 fxe5 30. Rxd8 Rxd8 31. Rd1 Rf8 32. Bb3 Nc5 33. Bc2 Nd7 34. Bd3 Nf6 35. Be2 Ne8 36. Rf1 Rg8 37. Rf5 Kd6 38. Bd1 Rg6 39. Bh5 Re6 40. Bxe8 Rxe8 41. Rf6+ Re6 42. Rxe6+ Kxe6 43. g4 Kd6 44. b4 b6 45. h3 c5 46. Kd3 Ke6 47. Ke3 c4 48. Kf3 Kf6 49. Ke3 Kg6 50. Kf3 h5 51. Ke3 h4 52. Kf3 Kf6 53. Ke3 Ke6 54. Kf3 Kd7 55. Ke3 Kc6 56. Kd2 Kb7 57. Ke3 Ka6 58. Kd2 Kb7 59. Ke3 Kc6 60. Kf3 Kd6 61. Kf2 Ke6 62. Kf3 Ke7 63. Ke3 Kd7 64. Kf3 Kc6 65. Ke2 Kc7 66. Ke3 Kc6 1/2-1/2

[Event "Titled Tuesday intern op 28th Dec"]
[Site "Chess.com INT"]
[Date "2021.12.28"]
[Round "2"]
[White "Rustemov, Alexander"]
[Black "Migot, Tangi"]
[Result "1-0"]
[WhiteElo "2525"]
[BlackElo "2353"]
[PlyCount "95"]
[EventDate "2021.12.28"]
[EventType "swiss (blitz)"]
[EventRounds "11"]
[EventCountry "USA"]
[SourceTitle "CBM 206 Extra"]
[Source "ChessBase"]
[SourceDate "2022.03.31"]
[SourceVersion "1"]
[SourceVersionDate "2022.03.31"]
[SourceQuality "1"]

1. d4 Nf6 2. c4 g6 3. g3 d5 4. cxd5 Nxd5 5. Bg2 Nb6 6. Nf3 Bg7 7. O-O Nc6 8. e3 O-O 9. Nc3 a5 10. h3 a4 11. Rb1 Bf5 12. e4 Bd7 13. d5 Na5 14. Be3 Nac4 15. Bd4 e5 16. Bc5 Re8 17. b3 axb3 18. axb3 Nd6 19. Qc2 Nbc8 20. Rfc1 Bh6 21. Rd1 b6 22. Bb4 Nb5 23. Bf1 Na3 24. Bxa3 Rxa3 25. Nb5 Bxb5 26. Bxb5 Re7 27. Qb2 Ra5 28. Bc6 Na7 29. b4 Ra6 30. Nxe5 Bg7 31. Qe2 Ra3 32. Nc4 Rc3 33. b5 Nxc6 34. bxc6 Qe8 35. Re1 f5 36. e5 f4 37. Kh2 Qf7 38. Rbd1 Qf5 39. d6 Rf7 40. e6 Rf8 41. e7 fxg3+ 42. fxg3 Ra8 43. e8=Q+ Rxe8 44. Qxe8+ Bf8 45. Qe6+ Kg7 46. Qxf5 gxf5 47. d7 Rxc4 48. d8=Q 1-0

[Event "Titled Tuesday intern op 28th Dec"]
[Site "Chess.com INT"]
[Date "2021.12.28"]
[Round "2"]
[White "Sadykov, Ramil"]
[Black "Nagy, Gabor"]
[Result "0-1"]
[WhiteElo "2345"]
[BlackElo "2527"]
[PlyCount "60"]
[EventDate "2021.12.28"]
[EventType "swiss (blitz)"]
[EventRounds "11"]
[EventCountry "USA"]
[SourceTitle "CBM 206 Extra"]
[Source "ChessBase"]
[SourceDate "2022.03.31"]
[SourceVersion "1"]
[SourceVersionDate "2022.03.31"]
[SourceQuality "1"]

1. e4 e5 2. Nc3 Nc6 3. Bc4 Bb4 4. Nge2 Nf6 5. O-O d6 6. a3 Ba5 7. d3 h6 8. b4 Bb6 9. Na4 O-O 10. Nxb6 axb6 11. Bd2 Bg4 12. h3 Be6 13. Bxe6 fxe6 14. f4 exf4 15. Nxf4 Qd7 16. Ng6 Rf7 17. c3 e5 18. Qe2 Kh7 19. Nh4 Ne7 20. d4 exd4 21. cxd4 Qe6 22. e5 dxe5 23. Qxe5 Qd7 24. Bxh6 Nc6 25. Qg5 gxh6 26. Qg6+ Kh8 27. d5 Ne5 28. Qxh6+ Nh7 29. Rxf7 Nxf7 30. Ra2 Nxh6 0-1

[Event "Titled Tuesday intern op 28th Dec"]
[Site "Chess.com INT"]
[Date "2021.12.28"]
[Round "2"]
[White "Sevgi, Volkan"]
[Black "Hamley, Ryan"]
[Result "1-0"]
[WhiteElo "2344"]
[BlackElo "2077"]
[PlyCount "53"]
[EventDate "2021.12.28"]
[EventType "swiss (blitz)"]
[EventRounds "11"]
[EventCountry "USA"]
[SourceTitle "CBM 206 Extra"]
[Source "ChessBase"]
[SourceDate "2022.03.31"]
[SourceVersion "1"]
[SourceVersionDate "2022.03.31"]
[SourceQuality "1"]

1. e4 c6 2. Nc3 d5 3. Nf3 dxe4 4. Nxe4 Nf6 5. Qe2 Nxe4 6. Qxe4 Qd5 7. Qe3 Nd7 8. b3 Nf6 9. Bc4 Qe4 10. Bb2 Qxe3+ 11. fxe3 Bf5 12. O-O-O e6 13. Rdf1 Be7 14. h3 O-O 15. Rhg1 Rfd8 16. g4 Bg6 17. h4 h5 18. Ne5 Bh7 19. gxh5 b5 20. Nxc6 bxc4 21. Nxe7+ Kf8 22. Ba3 Ke8 23. Rxg7 cxb3 24. axb3 Bf5 25. Nxf5 exf5 26. Rxf5 Ne4 27. Rfxf7 1-0